| 000 | 00713nam a22002057a 4500 | ||
|---|---|---|---|
| 999 |
_c11308 _d11308 |
||
| 003 | AR-CdUCM | ||
| 008 | 190225b ||||| |||| 00| 0 spa d | ||
| 040 |
_aMUNICIPALIDAD PROVINCIAL DEL CUSCO _cBIBLIOTECA MUNICIPAL DEL CUSCO |
||
| 082 |
_aES / 373.6 / _bG66 |
||
| 100 |
_aGonzales Vigil, Ricardo _92748 |
||
| 245 |
_aCesar Vallejo : _bAntología didáctica / |
||
| 260 |
_aLima : _bBanco Central de Reserva del Perú, _c1986. |
||
| 300 |
_a125 páginas ; _c21 cm. |
||
| 505 | _aContenido :Trayectoria vital y creadora -- Notas y aclaraciones -- Recomendaciones bibliográficas ... | ||
| 650 |
_aAntología. _9142 |
||
| 650 |
_aPoesía. _9139 |
||
| 650 |
_aPerú. _935 |
||
| 942 |
_2ddc _cLIBROS |
||
| 945 | _arum | ||